00000000nam##2200000za#4500
0019.528967
003CaOODSP
00520200325194637
007ta
008150406|1999||||xxc|||||     f|0| 0 fre|d
020 |a0-660-59328-9
040 |aCaOODSP|bfre
041 |aeng
041 |afre
043 |an-cn---
0861 |aCS95-193
24500|aProfil des divisions et subdivisions de recensement des Territoires du Nord-ouest
260 |aOttawa - Ontario : |bStatistique Canada. |c1999.
300 |a166p. ; |c28 cm.
4901 |a96 Recensement: Série des profils de secteurs
563 |aCouverture souple
590 |a99-08|b1999-02-26
7101 |aCanada.|bStatistique Canada. |bRecensement.
791 |tProfile of census divisions and subdivisions in the Northwest Territories|eeng|w(CaOODSP)9.528966
830#0|a96 Recensement: Série des profils de secteurs.|w(CaOODSP)9.509191